000 00483nam a22001577a 4500
005 20251029193346.0
008 251029b |||||||| |||| 00| 0 eng d
020 _a1558101187
050 _aRT81.5 HAR
100 _aHart, Slyvia E.
245 _aManaged Care Curriculum for Baccalaureate Nursing Programs
_cprepared by Slyvia E. Hart
260 _aWashington
_bAmerican Nurses Publishing
_c1995
300 _a49p.
_c28cm
710 _aAmerican Nurses Association
942 _2lcc
_cBK
_n0
999 _c7911
_d7911